Elementary circuit properties of transistors (Record no. 23315)

000 -LEADER
fixed length control field 00727nam a22002531 4500
001 - CONTROL NUMBER
control field 23315
003 - CONTROL NUMBER IDENTIFIER
control field BD-DhUET
008 - FIXED-LENGTH DATA ELEMENTS--GENERAL INFORMATION
fixed length control field 730109s1964 nyua b 000 0 eng
040 ## - CATALOGING SOURCE
Original cataloging agency DLC
Transcribing agency DLC
Modifying agency BD-DhUET
082 ## - DEWEY DECIMAL CLASSIFICATION NUMBER
Classification number 623.8151
Item number SEA/19649
100 1# - MAIN ENTRY--PERSONAL NAME
Personal name Searle, Campbell L.
245 10 - TITLE STATEMENT
Title Elementary circuit properties of transistors
250 ## - EDITION STATEMENT
Edition statement 1st ed.
260 ## - PUBLICATION, DISTRIBUTION, ETC. (IMPRINT)
Place of publication, distribution, etc. New York
Name of publisher, distributor, etc. John Wiley & Sons
Date of publication, distribution, etc. 1964
300 ## - PHYSICAL DESCRIPTION
Extent xxi, 306 p.
Other physical details illus
Dimensions 22 cm.
490 ## - SERIES STATEMENT
Series statement Semiconductor electronics education committee books
500 ## - GENERAL NOTE
General note Volume - 3
504 ## - BIBLIOGRAPHY, ETC. NOTE
Bibliography, etc Includes bibliographies
650 #0 - SUBJECT ADDED ENTRY--TOPICAL TERM
Topical term or geographic name as entry element Circuits : Electronics : Engg.
700 ## - ADDED ENTRY--PERSONAL NAME
Personal name Boothroyd, A. R.
700 ## - ADDED ENTRY--PERSONAL NAME
Personal name Angelo, E. J.
700 ## - ADDED ENTRY--PERSONAL NAME
Personal name Gray, Paul E.
942 ## - ADDED ENTRY ELEMENTS (KOHA)
Koha item type General Book
Holdings
Price effective from Location (home branch) Shelving location Withdrawn status Sublocation or collection (holding branch) Koha item type Lost status Date acquired Koha normalized classification for sorting Koha date last seen Source of classification or shelving scheme Copy number Not for loan Koha full call number Damaged status Piece designation (barcode)
2015-05-03Central Library, BUETCirculation section Central Library, BUETGeneral Book 2015-05-03623_815100000000000_SEA_19642015-05-03 1 623.8151/SEA/1964 35735
2015-05-03Central Library, BUETCirculation section Central Library, BUETGeneral Book 2015-05-03623_815100000000000_SEA_19642015-05-03 2 623.8151/SEA/1964 35749
2015-05-04Central Library, BUETCirculation section Central Library, BUETGeneral Book 2015-05-04623_815100000000000_SEA_19642015-05-04 3 623.8151/SEA/1964 16238
2015-05-04Central Library, BUETCirculation section Central Library, BUETGeneral Book 2015-05-04623_815100000000000_SEA_19642015-05-04 4 623.8151/SEA/1964 12507
2015-05-04Central Library, BUETCirculation section Central Library, BUETGeneral Book 2015-05-04623_815100000000000_SEA_19642015-05-04 5 623.8151/SEA/1964 27851
2015-05-04Central Library, BUETCirculation section Central Library, BUETGeneral Book 2015-05-04623_815100000000000_SEA_19642015-05-04 6 623.8151/SEA/1964 43533
2015-05-04Central Library, BUETCirculation section Central Library, BUETGeneral Book 2015-05-04623_815100000000000_SEA_19642015-05-04 7 623.8151/SEA/1964 45010
2015-05-04Central Library, BUETCirculation section Central Library, BUETGeneral Book 2015-05-04623_815100000000000_SEA_19642015-05-04 8 623.8151/SEA/1964 35742
2015-05-04Central Library, BUETCirculation section Central Library, BUETGeneral Book 2015-05-04623_815100000000000_SEA_19642015-05-04 9 623.8151/SEA/1964 33540